| 000 | 00629nam a2200217Ia 4500 | ||
|---|---|---|---|
| 005 | 20250508165330.0 | ||
| 008 | 008 250505s9999 xx 000 0 hin d | ||
| 020 | _a0-8039-9589-X | ||
| 037 | _aReference | ||
| 040 |
_aFEDL _beng _cFEDL |
||
| 041 |
_ahin _2eng |
||
| 084 |
_a001.42, RAI/RR _qFEDL |
||
| 100 |
_aRaijada B S _9777001 |
||
| 245 | 0 | _aShiksha mein anusandhan ke aavashyak tatva | |
| 260 |
_aJaipur, India _bRajasthan Hindi Granth Akademi _c2013 |
||
| 300 | _axv, 687p. | ||
| 365 |
_aINR _b215 |
||
| 700 |
_a Verma Vandna _9780524 |
||
| 942 |
_cREF _h001.42, RAI/RR |
||
| 999 |
_c1394514 _d1394514 |
||